Sports Quiz

Random Sports or Football Quiz
Score 0/64 Timer 18:00
0 Plays Today
% Correct
Columbus, OH
94%
Salt Lake City, UT
93.2%
Madison, WI
93.2%
Boulder, CO
92.8%
Tuscaloosa, AL
92.8%
Eugene, OR
92.4%
Minneapolis, MN
92%
Morgantown, WV
91.6%
East Lansing, MI
91.6%
Baton Rouge, LA
91.6%
Tallahassee, FL
91.6%
Fayetteville, AR
91.2%
Auburn, AL
91.2%
Clemson, SC
91.2%
Louisville, KY
91.2%
Pittsburgh, PA
91.2%
Austin, TX
90.8%
Columbia, SC
90.8%
Syracuse, NY
90.8%
College Station, TX
90.4%
Coral Gables, FL
90.4%
Lincoln, NE
90%
Gainesville, FL
90%
Lexington, KY
90%
Atlanta, GA
90%
Blacksburg, VA
90%
Ann Arbor, MI
89.2%
Piscataway, NJ
89.2%
Knoxville, TN
88.8%
Chesnut Hill, MA
88.8%
Stanford, CA
88.4%
College Park, MD
88.4%
% Correct
State College, PA
88.4%
Athens, GA
88.4%
Tucson, AZ
88%
Stillwater, OK
88%
Bloomington, IN
88%
Columbia, MO
88%
Starkville, MS
88%
Berkeley, CA
87.6%
Norman, OK
87.6%
Corvallis, OR
87.3%
Nashville, TN
87.3%
Durham, NC
87.3%
Charlottesville, VA
87.3%
Tempe, AZ
86.5%
Oxford, MS
86.5%
Pullman, WA
86.1%
Lawrence, KS
86.1%
Manhattan, KS
86.1%
Waco, TX
85.7%
Champaign, IL
85.7%
Ames, IA
85.3%
Chapel Hill, NC
85.3%
Seattle, WA
84.9%
Evanston, IL
84.5%
Lubbock, TX
83.3%
Iowa City, IA
83.3%
West Lafayette, IN
83.3%
Winston-Salem, NC
82.9%
Los Angeles, CA
81.7%
Fort Worth, TX
81.3%
Raleigh, NC
79.7%
Pasadena, CA
62.9%
Remove Ads.
Support Sporcle.
Get the best of Sporcle when you Go Orange. This ad-free experience offers more features, more stats, and more fun while also helping to support Sporcle. Thank you for becoming a member.

You're not logged in!

Compare scores with friends on all Sporcle quizzes.
OR
Log In

Show Comments

Extras

Top Quizzes Today


Score Distribution

Your Account Isn't Verified!

In order to create a playlist on Sporcle, you need to verify the email address you used during registration. Go to your Sporcle Settings to finish the process.

Report this User

Report this user for behavior that violates our Community Guidelines.

Details: